01588nam a2200241 a 4500001003000000003000500030005001700035008004100052020001800093050002200111100002400133245008700157260005500244300004600299500002000345505085000365521001201215650001901227650003101246650003001277700002101307700001801328MEB027984 MEB027985 MEB027993PILC20150805094728.0  a9789812729996 aRT 98b.F211 2013 aFamorca, Zenaida U. 0aNursing care of the community /cZenaida U. Famorca, Mary A. Nies, Melanie McEwen. aSingapore :bElsevier (Singapore) Pte Ltd.,c2013. axvi, 444 pages :billustrations ;c25 cm. aIncludes index. aCh. 1:tFundamental concepts of community health nursing -- Ch. 2:tTheoretical foundations of community health nursing practice -- Ch. 3:tPrimary health care -- Ch. 4:tCommunity organizing: ensuring health in the hands of the people -- Ch. 5:tHealth promotion, risk reduction, and capacity-building strategies -- Ch. 6:tFamily health nursing -- Ch. 7: Thetnursing process in the care of the community -- Ch. 8:tApplications of epidemiology in community health -- Ch. 9: Thethealth care delivery system -- Ch. 10:tMaternal, newborn, and child health and nutrition -- Ch. 11:tControl of noncommunicable diseases -- Ch. 12:tControl of communicable diseases -- Ch. 13:tEnvironmental health -- Ch. 14:tDisaster management -- Ch. 15:teHealth in the community setting -- Ch. 16:tSchool health -- Ch. 17:tOccupational safety and health.  aNursing aPublic health. aCommunity health services. aCommunity health nursing. aMcEwen, Melanie. aNies, Mary A.